<?xml version="1.0" encoding="UTF-8"?>
<record
    xmlns:xsi="http://www.w3.org/2001/XMLSchema-instance"
    xsi:schemaLocation="http://www.loc.gov/MARC21/slim http://www.loc.gov/standards/marcxml/schema/MARC21slim.xsd"
    xmlns="http://www.loc.gov/MARC21/slim">

  <leader>01857nam a2200361 i 4500</leader>
  <controlfield tag="001">000027865</controlfield>
  <controlfield tag="003">DO-SdBNP</controlfield>
  <controlfield tag="005">20251008115637.0</controlfield>
  <controlfield tag="008">110405s2005    dr ac         001 0dspa d</controlfield>
  <datafield tag="040" ind1=" " ind2=" ">
    <subfield code="a">DO-SdBNP</subfield>
    <subfield code="b">spa</subfield>
    <subfield code="c">BNPHU</subfield>
    <subfield code="e">rda</subfield>
  </datafield>
  <datafield tag="041" ind1=" " ind2=" ">
    <subfield code="a">spa</subfield>
  </datafield>
  <datafield tag="082" ind1=" " ind2="4">
    <subfield code="a">709.7293</subfield>
    <subfield code="b">B588n 2005</subfield>
    <subfield code="2">22</subfield>
  </datafield>
  <datafield tag="111" ind1="2" ind2=" ">
    <subfield code="a">Bienal Nacional de Artes Visuales</subfield>
    <subfield code="n">(23&#xAA;</subfield>
    <subfield code="d">2005 :</subfield>
    <subfield code="c">Santo Domingo, Rep&#xFA;blica Dominicana)</subfield>
    <subfield code="9">54937</subfield>
  </datafield>
  <datafield tag="245" ind1="1" ind2="0">
    <subfield code="a">Bienal Nacional.</subfield>
  </datafield>
  <datafield tag="264" ind1=" " ind2=" ">
    <subfield code="a">Santo Domingo :</subfield>
    <subfield code="b">Museo de Arte Moderno,</subfield>
    <subfield code="c">2005.</subfield>
  </datafield>
  <datafield tag="300" ind1=" " ind2=" ">
    <subfield code="a">257 p&#xE1;ginas :</subfield>
    <subfield code="b">ilustraciones, retratos ;</subfield>
    <subfield code="c">23 cm.</subfield>
  </datafield>
  <datafield tag="336" ind1=" " ind2=" ">
    <subfield code="a">texto</subfield>
    <subfield code="b">txt</subfield>
    <subfield code="2">rdacontent</subfield>
  </datafield>
  <datafield tag="337" ind1=" " ind2=" ">
    <subfield code="a">sin mediaci&#xF3;n </subfield>
    <subfield code="b">n</subfield>
    <subfield code="2">rdamedia</subfield>
  </datafield>
  <datafield tag="338" ind1=" " ind2=" ">
    <subfield code="a">volumen </subfield>
    <subfield code="b">n</subfield>
    <subfield code="2">rdacarrier</subfield>
  </datafield>
  <datafield tag="500" ind1=" " ind2=" ">
    <subfield code="a">Incluye s&#xED;ntesis biogr&#xE1;fica de los autores premiados.</subfield>
  </datafield>
  <datafield tag="505" ind1="0" ind2=" ">
    <subfield code="g">Presentaci&#xF3;n /</subfield>
    <subfield code="r">Jos&#xE9; Rafael Lantigua --</subfield>
    <subfield code="t">Introducci&#xF3;n /</subfield>
    <subfield code="r">Maria Elena Ditr&#xE9;n --</subfield>
    <subfield code="t">Apuntes sobre una Bienal /</subfield>
    <subfield code="r">Jos&#xE9; Manuel Noceda Fern&#xE1;ndez --</subfield>
    <subfield code="t">Bienal Nacional de Santo Domingo /</subfield>
    <subfield code="r">Kevin Power --</subfield>
    <subfield code="t">Bienal Nacional, significado y alcance /</subfield>
    <subfield code="r">Marianne de Tolentino --</subfield>
    <subfield code="t">Historia de la Bienal /</subfield>
    <subfield code="r">Laura Gil --</subfield>
    <subfield code="t">Cr&#xE9;ditos 23 Bienal Nacional de Artes Visuales --</subfield>
    <subfield code="t">Cer&#xE1;mica --</subfield>
    <subfield code="t">Dibujo --</subfield>
    <subfield code="t">Escultura --</subfield>
    <subfield code="t">Fotograf&#xED;a --</subfield>
    <subfield code="t">Instalaci&#xF3;n --</subfield>
    <subfield code="t">Obra gr&#xE1;fica --</subfield>
    <subfield code="t">Pintura --</subfield>
    <subfield code="t">Video --</subfield>
    <subfield code="t">Currriculums --</subfield>
    <subfield code="t">&#xCD;ndice de artistas.</subfield>
  </datafield>
  <datafield tag="590" ind1=" " ind2=" ">
    <subfield code="a">Inventariado, 2018/LP</subfield>
  </datafield>
  <datafield tag="650" ind1=" " ind2="4">
    <subfield code="a">Arte dominicano</subfield>
    <subfield code="y">SIGLO XX</subfield>
    <subfield code="9">23012</subfield>
  </datafield>
  <datafield tag="650" ind1=" " ind2="4">
    <subfield code="a">Arte moderno</subfield>
    <subfield code="y">SIGLO XX</subfield>
    <subfield code="9">54938</subfield>
  </datafield>
  <datafield tag="650" ind1=" " ind2="4">
    <subfield code="a">Pintura dominicana</subfield>
    <subfield code="x">Premios</subfield>
    <subfield code="9">23013</subfield>
  </datafield>
  <datafield tag="650" ind1=" " ind2="4">
    <subfield code="a">Escultura dominicana</subfield>
    <subfield code="x">Premios</subfield>
    <subfield code="9">54939</subfield>
  </datafield>
  <datafield tag="650" ind1=" " ind2="4">
    <subfield code="a">Cer&#xE1;mica dominicana</subfield>
    <subfield code="x">Premios</subfield>
    <subfield code="9">54940</subfield>
  </datafield>
  <datafield tag="710" ind1="2" ind2=" ">
    <subfield code="a">Museo de Arte Moderno (Rep&#xFA;blica Dominicana)</subfield>
    <subfield code="9">54941</subfield>
  </datafield>
  <datafield tag="710" ind1="1" ind2=" ">
    <subfield code="a"> Rep&#xFA;blica Dominicana.</subfield>
    <subfield code="b"> Secretar&#xED;a de Estado de Cultura</subfield>
    <subfield code="9">6453</subfield>
  </datafield>
  <datafield tag="710" ind1="2" ind2=" ">
    <subfield code="a">Grupo Le&#xF3;n Jimenes (Rep&#xFA;blica Dominicana)</subfield>
    <subfield code="9">27171</subfield>
  </datafield>
  <datafield tag="910" ind1=" " ind2=" ">
    <subfield code="a">Validado. Control de calidad EMS</subfield>
  </datafield>
  <datafield tag="942" ind1=" " ind2=" ">
    <subfield code="2">ddc</subfield>
    <subfield code="c">LBS1</subfield>
  </datafield>
  <datafield tag="952" ind1=" " ind2=" ">
    <subfield code="0">0</subfield>
    <subfield code="1">0</subfield>
    <subfield code="2">ddc</subfield>
    <subfield code="5">6</subfield>
    <subfield code="7">0</subfield>
    <subfield code="8">DS</subfield>
    <subfield code="a">BNPHU</subfield>
    <subfield code="b">BNPHU</subfield>
    <subfield code="c">HD</subfield>
    <subfield code="d">2014-02-24</subfield>
    <subfield code="l">0</subfield>
    <subfield code="o">BNPHU DS 709.7293 B588n 2005</subfield>
    <subfield code="p">27865-30</subfield>
    <subfield code="r">2020-06-25</subfield>
    <subfield code="t">e.3</subfield>
    <subfield code="w">2020-06-25</subfield>
    <subfield code="y">LBS1</subfield>
    <subfield code="Z">Pr&#xE9;stamo en sala</subfield>
  </datafield>
  <datafield tag="952" ind1=" " ind2=" ">
    <subfield code="0">0</subfield>
    <subfield code="1">0</subfield>
    <subfield code="2">ddc</subfield>
    <subfield code="5">1</subfield>
    <subfield code="7">0</subfield>
    <subfield code="8">PD</subfield>
    <subfield code="a">BNPHU</subfield>
    <subfield code="b">BNPHU</subfield>
    <subfield code="c">HD</subfield>
    <subfield code="d">2011-04-05</subfield>
    <subfield code="l">0</subfield>
    <subfield code="o">BNPHU PD 709.7293 B588n 2005</subfield>
    <subfield code="p">27865-10</subfield>
    <subfield code="r">2020-06-25</subfield>
    <subfield code="w">2020-06-25</subfield>
    <subfield code="y">LBS1</subfield>
    <subfield code="Z">No se presta</subfield>
  </datafield>
  <datafield tag="952" ind1=" " ind2=" ">
    <subfield code="0">0</subfield>
    <subfield code="1">0</subfield>
    <subfield code="2">ddc</subfield>
    <subfield code="5">1</subfield>
    <subfield code="7">0</subfield>
    <subfield code="8">PD</subfield>
    <subfield code="a">BNPHU</subfield>
    <subfield code="b">BNPHU</subfield>
    <subfield code="c">HD</subfield>
    <subfield code="d">2014-02-24</subfield>
    <subfield code="l">0</subfield>
    <subfield code="o">BNPHU PD 709.7293 B588n 2005</subfield>
    <subfield code="p">27865-20</subfield>
    <subfield code="r">2020-06-25</subfield>
    <subfield code="t">e.2</subfield>
    <subfield code="w">2020-06-25</subfield>
    <subfield code="y">LBS1</subfield>
    <subfield code="Z">No se presta</subfield>
  </datafield>
  <datafield tag="999" ind1=" " ind2=" ">
    <subfield code="c">27357</subfield>
    <subfield code="d">27357</subfield>
  </datafield>
</record>
